000 00600nam a2200217 a 4500
999 _c761
_d761
008 191028r20062010ii ad||g |||| 00| 0 eng d
020 _a9788120328532
_cRs. 150.00
040 _aKO
_beng
041 0 _aeng
044 _aii
082 0 4 _223
_a658.787
_bB6512
100 1 _aBose, D. Chandra
245 1 0 _aInventory Management /
_cD. Chandra Bose
260 _aNew Delhi :
_bPHI Learning Private Limited ,
_c2006, reprinted 2010
300 _avii, 155 p. :
_bill. ;
_c24 cm.
504 _aIncludes Index.
650 0 _aInventory control
_xManagement
904 _aA_BOSE
942 _cBK